LEADER 01071nam a2200241 i 4500 001 000000228115 003 CaOOAMICUS 005 20140318000000.0 008 140318s2011 it u000 u ita u 013 $a207017 040 $aSeMil$bita 245 10$aErminio Barzaghi :$b1926-2011 /$cintroduzione di Eugenio Corti ; contributi e testimonianze di Cesare Ballabio ... [et al.]. 260 $a[S.l. :$bs.n.],$c2011. 300 $a32 p. :$bill. ;$c25 cm. 500 $aIn cop. : I quaderni di Giussano. - Supplemento al n.6-2011, di : Giussano la cittą dell'Alberto. 600 14$aBarzaghi, Erminio <1926-2011>.$0(OLS)http://semarc/subject/41235 700 1 $aBallabio, Cesare.$0(OLS)http://semarc/name/78945 700 1 $aCorti, Eugenio,$d<1921-2014>.$0(OLS)http://semarc/name/22553 850 $aSeMil 852 $aSeMil$W1$xVenegono$y1$m3P IV 379$j178461$B178461$CSeMilBibl$Z2$F189872 $81 961 $aOmaggio: Altro 996 $6245$aErminio Barzaghi :$b1926-2011$9(OLS)http://semarc/title/326502 996 $6260$a[S.l. :$bs.n.]$9(OLS)http://semarc/publisher/29751 LEADER 01294nam a2200205 i 4500 001 000000014268 003 CaOOAMICUS 005 20211012101553.0 008 180830s1918 it u000 u ita u 040 $aSeMil$bita 100 1 $aBorgonovo, Giustino,$c.$0(OLS)http://semarc/name/5872 245 10$aManna festiva, ossia il Vangelo delle domeniche e delle feste :$binteso e meditato con semplicitą e con frutto. Operetta utilissima per la predicazione sacerdotale e per meditazione delle anime buone /$cP. Giustino Borgonovo O. M. 264 1$aMilano :$bTip. e Libr. Pontificia e Arcivesc. Romolo Ghirlanda,$c1918. 300 $a2 v. ;$c14 cm. 650 4$aLezionario romano festivo - Vangeli - Commenti.$0(OLS)http://semarc/subject/2355 774 0 $tDalla 1. d'Avvento all'Ascensione.$b2. Ed.$gVolume1$w()142998 774 0 $tDa Pentecoste alla Festa di tutti i Santi.$gVolume2$w()142999 996 $6245$aManna festiva, ossia il Vangelo delle domeniche e delle feste :$binteso e meditato con semplicitą e con frutto. Operetta utilissima per la predicazione sacerdotale e per meditazione delle anime buone$9(OLS)http://semarc/title/18931 996 $6264$aMilano :$bTip. e Libr. Pontificia e Arcivesc. Romolo Ghirlanda$9(OLS)http://semarc/publisher/33865